000 00378cam a2200157ua 4500
041 _aeng
_h
082 _a828.09
_bBRA/TH
100 _aBrander, Laurence .
245 _aThackeray /
_cLaurence Brander.
_hTextual Documents
250 _a1 /
_b.
260 _aLondon :
_bLongman Green and Co ,
_c1964.
300 _a48 ; .
504 _a
942 _cBK
999 _c6694
_d6694